Die 10 Länder mit dem größten GDP in Nordamerika - Statistiken

Allgemein
  • Dieses Quiz wurde 92 mal gespielt
  • Das Durchschnittsergebnis liegt bei 9 aus 10
Antwortstatistiken
GDP in Millionen US-Dollar Land % Korrekt
1.652.412 Kanada
100%
19.390.600 USA
99%
1.149.236 Mexiko
98%
22.975 Honduras
88%
61.838 Panama
86%
58.056 Costa Rica
84%
14.359 Jamaika
84%
28.023 El Salvador
80%
75.018 Dominikanische Republik
78%
21.624 Trinidad und Tobago
64%
Keine übereinstimmenden Quizze gefunden
Verteilung der Resultate
Anzahl Personen mit jedem Resultat
Perzentil nach korrekt beantworteten Fragen
Ihre Resultats-Entwicklung
Sie haben dieses Quiz noch nicht gespielt